Marx y el problema de la decadencia ideológica (Registro nro. 5683)

Detalles MARC
000 -LEADER
fixed length control field 01078 a2200217 4500
001 - CONTROL NUMBER
control field 54609
005 - DATE AND TIME OF LATEST TRANSACTION
control field 20260407155820.0
008 - FIXED-LENGTH DATA ELEMENTS--GENERAL INFORMATION
fixed length control field 260407a1981 arg spa d
003 - CONTROL NUMBER IDENTIFIER
control field AR-UNSa-BCEJYS
040 ## - CATALOGING SOURCE
Original cataloging agency AR-UNSa-BCEJYS
Language of cataloging spa
Transcribing agency AR-UNSa-BCEJYS
080 ## - UNIVERSAL DECIMAL CLASSIFICATION NUMBER
Universal Decimal Classification number 316.334.3
Common auxiliary subdivision Sociología de subsistemas e instituciones políticas. Sociología política
020 ## - INTERNATIONAL STANDARD BOOK NUMBER
International Standard Book Number 968-23-1091-1
100 1# - MAIN ENTRY--PERSONAL NAME
Personal name Lukács, Georg
245 10 - TITLE STATEMENT
Title Marx y el problema de la decadencia ideológica
264 #1 - PRODUCTION, PUBLICATION, DISTRIBUTION, MANUFACTURE, AND COPYRIGHT NOTICE
Place of production, publication, distribution, manufacture México :
Name of producer, publisher, distributor, manufacturer Siglo Veintiuno editores
Date of production, publication, distribution, manufacture, or copyright notice 1981
300 ## - PHYSICAL DESCRIPTION
Extent 193 p.
Dimensions 21 cm.
505 ## - FORMATTED CONTENTS NOTE
Formatted contents note 1. Georg Lukacs en los treinta: Punto focal de la estética marxista,por Juan Flores - 2. Marx y el problema de la decadencia ideológica - 3. Thomas Mann - 4. Prefacio para la discusión sobre naturalismo y formalismo - 5. ¿Narrar o describir? - 6. La fisonomía intelectual de los personajes literarios - 7. Apéndice: Referencias críticas de Bertolt Brecht al concepto lukacsiano de "decadencia ideológica"
590 ## - LOCAL NOTE (RLIN)
Local note niveau_biblio:m niveau_hierar:0
700 1# - ADDED ENTRY--PERSONAL NAME
Personal name Blanco, Felix
942 ## - ADDED ENTRY ELEMENTS (KOHA)
Koha item type
Existencias
Withdrawn status Lost status Damaged status Not for loan Home library Current library Shelving location Date acquired Total checkouts Full call number Barcode Date last seen Price effective from Koha item type
        Biblioteca Prof. Eusebio Cleto del Rey Biblioteca Prof. Eusebio Cleto del Rey   07/04/2026   316.334.3 L954 L45664 07/04/2026 07/04/2026 Libro